[Event "Regionalliga SW 1415"]
[Site "Bayern"]
[Date "2015.03.15"]
[Round "8.1"]
[White "Rusche, Johannes"]
[Black "Schmidbauer, Martin Daniel"]
[Result "1/2-1/2"]
[WhiteElo "2231"]
[BlackElo "2214"]
[PlyCount "110"]
[EventDate "2014.10.19"]
[EventType "team-tourn"]
[EventRounds "9"]
[EventCountry "GER"]
[SourceTitle "EXT 2018"]
[Source "ChessBase"]
[SourceDate "2017.10.13"]
[SourceVersion "1"]
[SourceVersionDate "2017.10.13"]
[SourceQuality "1"]
[WhiteTeam "Garching II"]
[BlackTeam "MSA Zugzwang II"]
[WhiteTeamCountry "GER"]
[BlackTeamCountry "GER"]

1. e4 c5 2. c3 d5 3. exd5 Nf6 4. d4 Nxd5 5. Nf3 e6 6. Bd3 cxd4 7. cxd4 Bb4+ 8. Bd2 Bxd2+ 9. Qxd2 Nd7 10. 0-0 0-0 11. Nc3 N7f6 12. Ne5 b6 13. f4 Bb7 14. Rad1 Rc8 15. Ne2 Ne7 16. Bb1 Nf5 17. Nc3 Nd5 18. Rfe1 Qh4 19. Be4 Rfd8 20. g3 Nxg3 21. hxg3 Qxg3+ 22. Qg2 Qxf4 23. Rd3 Qh4 24. Rf1 f5 25. Nxd5 Bxd5 26. Bxd5 Rxd5 27. Nf3 Qe4 28. Rd2 Qe3+ 29. Qf2 Qf4 30. Re1 Rd6 31. Kg2 Rcd8 32. Qg3 Qxg3+ 33. Kxg3 Kf7 34. Rc2 Kf6 35. Rc7 R8d7 36. Rec1 g5 37. Ne5 Rxc7 38. Rxc7 Rxd4 39. Nd7+ Ke7 40. Nb8+ Kd8 41. Rxh7 Rd3+ 42. Kf2 Rd2+ 43. Ke3 Rxb2 44. Nc6+ Ke8 45. Rxa7 f4+ 46. Kf3 Rc2 47. Re7+ Kf8 48. Rxe6 Rxa2 49. Nd4 Ra4 50. Ne2 Ra3+ 51. Kf2 Kf7 52. Rxb6 f3 53. Ng3 g4 54. Rb4 Ra2+ 55. Ke3 Ra3+ 1/2-1/2

[Event "Berlin Werner Ott op"]
[Site "Berlin"]
[Date "2014.07.08"]
[Round "4"]
[White "Schulz, Hartmut"]
[Black "Schmidbauer, Martin Daniel"]
[Result "1/2-1/2"]
[WhiteElo "2067"]
[BlackElo "2242"]
[PlyCount "23"]
[EventDate "2014.07.05"]
[EventType "swiss"]
[EventRounds "9"]
[EventCountry "GER"]
[SourceTitle "CBM 161 Extra"]
[Source "ChessBase"]
[SourceDate "2014.08.29"]
[SourceVersion "1"]
[SourceVersionDate "2014.08.29"]
[SourceQuality "1"]

1. d4 Nf6 2. Nf3 g6 3. Bf4 Bg7 4. e3 0-0 5. Be2 d6 6. 0-0 Nfd7 7. c4 e5 8. Bg3 Nc6 9. Nc3 f5 10. Bh4 Nf6 11. dxe5 dxe5 12. Qxd8 1/2-1/2

[Event "BL2-Nord 1011"]
[Site "Germany"]
[Date "2011.02.27"]
[Round "7.4"]
[White "Schmidbauer, Martin Daniel"]
[Black "Reichmann, Hendrik"]
[Result "1/2-1/2"]
[WhiteElo "2265"]
[BlackElo "2333"]
[PlyCount "26"]
[EventDate "2010.10.10"]
[EventType "team-tourn"]
[EventRounds "9"]
[EventCountry "GER"]
[SourceTitle "EXT 2012"]
[Source "ChessBase"]
[SourceDate "2011.11.24"]
[SourceVersion "1"]
[SourceVersionDate "2011.11.24"]
[SourceQuality "1"]
[WhiteTeam "Zehlendorf"]
[BlackTeam "Neukloster"]
[WhiteTeamCountry "GER"]
[BlackTeamCountry "GER"]

1. e4 d6 2. d4 Nf6 3. Nc3 g6 4. g3 Bg7 5. Bg2 0-0 6. Nge2 e5 7. 0-0 Nbd7 8. h3 c6 9. Be3 Re8 10. Qd2 b5 11. a3 Bb7 12. Rad1 a6 13. Rfe1 Qc7 1/2-1/2

[Event "Graz op-A 17th"]
[Site "Graz"]
[Date "2010.09.02"]
[Round "6"]
[White "Schmidbauer, Martin Daniel"]
[Black "Wiedermann, Daniel"]
[Result "0-1"]
[WhiteElo "2265"]
[BlackElo "2198"]
[PlyCount "80"]
[EventDate "2010.08.21"]
[EventType "swiss"]
[EventRounds "9"]
[EventCountry "AUT"]
[SourceTitle "CBM 138 Extra"]
[Source "ChessBase"]
[SourceDate "2010.10.29"]
[SourceVersion "1"]
[SourceVersionDate "2010.10.29"]
[SourceQuality "1"]

1. e4 c5 2. c3 d5 3. exd5 Qxd5 4. d4 g6 5. Nf3 Bg7 6. Be3 cxd4 7. Bxd4 Nf6 8. Nbd2 Nc6 9. Bc4 Qd6 10. Ne4 Qf4 11. Nxf6+ Bxf6 12. Bxf6 Qxf6 13. h3 0-0 14. 0-0 Rd8 15. Qe2 Bf5 16. Rad1 g5 17. g4 Bg6 18. Bb5 h5 19. Qe3 hxg4 20. hxg4 Kg7 21. Kg2 Qf4 22. Qxf4 gxf4 23. Bxc6 bxc6 24. Ne5 Bc2 25. Rde1 Rac8 26. Nf3 e6 27. Nd4 Bd3 28. Rh1 c5 29. Nb3 Bc4 30. f3 Bxb3 31. axb3 Rd2+ 32. Kf1 Rxb2 33. Rc1 Rxb3 34. Ke2 c4 35. Rhd1 Rb2+ 36. Rd2 Rxd2+ 37. Kxd2 Rd8+ 38. Ke2 Rd3 39. Ra1 Rxc3 40. Rxa7 Kg6 0-1

[Event "Graz op-A 17th"]
[Site "Graz"]
[Date "2010.08.29"]
[Round "2"]
[White "Schmidbauer, Martin Daniel"]
[Black "Huber, Adolf"]
[Result "0-1"]
[WhiteElo "2265"]
[BlackElo "2072"]
[PlyCount "64"]
[EventDate "2010.08.21"]
[EventType "swiss"]
[EventRounds "9"]
[EventCountry "AUT"]
[SourceTitle "CBM 138 Extra"]
[Source "ChessBase"]
[SourceDate "2010.10.29"]
[SourceVersion "1"]
[SourceVersionDate "2010.10.29"]
[SourceQuality "1"]

1. g3 c5 2. Bg2 Nc6 3. Nf3 Nf6 4. 0-0 e5 5. d3 d5 6. c4 d4 7. Nbd2 Be7 8. Ng5 0-0 9. Nb3 Nd7 10. h4 h6 11. Nh3 Nf6 12. e3 dxe3 13. Bxe3 Nd4 14. Re1 Qc7 15. Nxd4 cxd4 16. Bc1 Ng4 17. Kh1 Bb4 18. Bd2 Bxd2 19. Qxd2 Bd7 20. Ng1 f5 21. Bd5+ Kh8 22. f3 Ne3 23. Rxe3 dxe3 24. Qxe3 Rae8 25. Qxa7 e4 26. Qxb7 Qd6 27. b3 Bc8 28. Qc6 Qxg3 29. Bf7 Qxh4+ 30. Kg2 exf3+ 31. Nxf3 Re2+ 32. Kg1 Qf2+ 0-1

[Event "Oberliga Nord O 0910"]
[Site "Germany"]
[Date "2010.01.24"]
[Round "5.5"]
[White "Schnitzer, Peter"]
[Black "Schmidbauer, Martin Daniel"]
[Result "0-1"]
[WhiteElo "2170"]
[BlackElo "2044"]
[PlyCount "94"]
[EventDate "2009.10.18"]
[EventType "team-tourn"]
[EventRounds "9"]
[EventCountry "GER"]
[SourceTitle "EXT 2011"]
[Source "ChessBase"]
[SourceDate "2010.11.26"]
[SourceVersion "1"]
[SourceVersionDate "2010.11.26"]
[SourceQuality "1"]
[WhiteTeam "Kreuzberg"]
[BlackTeam "Zehlendorf"]
[WhiteTeamCountry "GER"]
[BlackTeamCountry "GER"]

1. e4 c5 2. Nf3 Nc6 3. d4 cxd4 4. Nxd4 Nf6 5. Nc3 d6 6. Bg5 e6 7. f3 a6 8. Qd2 h6 9. Be3 Qc7 10. 0-0-0 Bd7 11. g4 Ne5 12. Kb1 b5 13. Bd3 b4 14. Nce2 d5 15. Ng3 dxe4 16. Bxe4 Nxe4 17. Nxe4 Nc4 18. Qf2 Nxe3 19. Qxe3 Be7 20. h4 Rc8 21. Rd2 Qb6 22. Qe2 Rc7 23. h5 Bc6 24. Nxc6 Rxc6 25. f4 Qc7 26. Qe3 0-0 27. Rg2 Rc8 28. Rhh2 e5 29. Rf2 exf4 30. Qxf4 Qxf4 31. Rxf4 Re6 32. c3 bxc3 33. Nxc3 Bd6 34. Rhf2 Re1+ 35. Kc2 Bxf4 36. Rxf4 Re2+ 37. Kc1 Rg2 38. a4 Rb8 39. Nd1 Rb3 40. Re4 g6 41. hxg6 fxg6 42. Re6 Rxg4 43. Rxa6 h5 44. Nf2 Rg2 45. Ne4 Re3 46. Nf6+ Kf7 47. Kd1 Rf3 0-1

[Event "GER CupT qual"]
[Site "Germany"]
[Date "2010.01.16"]
[Round "1"]
[White "Schmidbauer, Martin Daniel"]
[Black "Neubauer, Bernd"]
[Result "1/2-1/2"]
[WhiteElo "2175"]
[BlackElo "2214"]
[PlyCount "177"]
[EventDate "2010.01.16"]
[EventType "team-k.o."]
[EventRounds "1"]
[EventCountry "GER"]
[SourceTitle "CBM 134 Extra"]
[Source "ChessBase"]
[SourceDate "2010.03.03"]
[SourceVersion "1"]
[SourceVersionDate "2010.03.03"]
[SourceQuality "1"]

1. e4 c5 2. Nf3 d6 3. d3 g6 4. g3 Bg7 5. Bg2 Nc6 6. 0-0 Bg4 7. h3 Bxf3 8. Qxf3 e5 9. c3 h6 10. a4 Nge7 11. Qe2 0-0 12. Be3 b6 13. Na3 Qd7 14. Rad1 Rad8 15. Nb5 a6 16. Na3 f5 17. f4 d5 18. fxe5 d4 19. cxd4 cxd4 20. Bf2 Nxe5 21. Qc2 Kh7 22. Nc4 Nxc4 23. Qxc4 b5 24. axb5 axb5 25. Qb4 Be5 26. Qc5 Bb8 27. Bf3 fxe4 28. Bxe4 Nf5 29. Kg2 Ba7 30. Qa3 Bb8 31. Rde1 Bd6 32. Qb3 Bb8 33. Rc1 Ne3+ 34. Bxe3 dxe3 35. Qb4 Qd6 36. Qxd6 Bxd6 37. Rf3 Rc8 38. Rxc8 Rxc8 39. Rxe3 Rc2+ 40. Kf3 Rxb2 41. Bxg6+ Kxg6 42. Re6+ Kg7 43. Rxd6 b4 44. Rb6 b3 45. Kg4 Rb1 46. h4 b2 47. h5 Rd1 48. Rxb2 Rxd3 49. Rb7+ Kh8 50. Rb6 Kh7 51. Re6 Rd5 52. Rg6 Ra5 53. Kh4 Rb5 54. Ra6 Rc5 55. Ra7+ Kh8 56. g4 Rb5 57. Re7 Ra5 58. Kg3 Ra4 59. Kf3 Rb4 60. Re4 Rb7 61. Kf4 Kg7 62. Re6 Rb4+ 63. Kf5 Rb5+ 64. Re5 Rb7 65. Rd5 Ra7 66. Rd6 Ra5+ 67. Kf4 Ra7 68. Rg6+ Kh7 69. Re6 Kg7 70. Kf5 Ra5+ 71. Re5 Ra7 72. Rc5 Rb7 73. Rc6 Rb5+ 74. Ke6 Rb7 75. Rd6 Ra7 76. Rd5 Ra6+ 77. Ke5 Ra7 78. Kf5 Rf7+ 79. Ke4 Re7+ 80. Re5 Rb7 81. Kf4 Rf7+ 82. Rf5 Ra7 83. Rb5 Rc7 84. Rb4 Ra7 85. g5 hxg5+ 86. Kxg5 Ra5+ 87. Kg4 Kh6 88. Rc4 Rg5+ 89. Kf4 1/2-1/2

[Event "Oberliga Nord O 0910"]
[Site "Germany"]
[Date "2009.11.29"]
[Round "3.4"]
[White "Schmidbauer, Martin Daniel"]
[Black "Wlodarczyk, Oskar"]
[Result "1-0"]
[WhiteElo "2044"]
[BlackElo "2298"]
[PlyCount "65"]
[EventDate "2009.10.18"]
[EventType "team-tourn"]
[EventRounds "9"]
[EventCountry "GER"]
[SourceTitle "EXT 2011"]
[Source "ChessBase"]
[SourceDate "2010.11.26"]
[SourceVersion "1"]
[SourceVersionDate "2010.11.26"]
[SourceQuality "1"]
[WhiteTeam "Zehlendorf"]
[BlackTeam "Ruedersdorf"]
[WhiteTeamCountry "GER"]
[BlackTeamCountry "GER"]

1. e4 e5 2. Nf3 Nf6 3. Nxe5 d6 4. Nf3 Nxe4 5. d4 d5 6. Bd3 Bd6 7. 0-0 0-0 8. c4 c6 9. Qc2 Na6 10. a3 Bg4 11. Ne5 Bh5 12. f3 Qb6 13. c5 Nexc5 14. Bxh7+ Kh8 15. Qf5 Ne4 16. Be3 Nf6 17. Re1 Nxh7 18. Qxh5 Bxe5 19. dxe5 d4 20. Bc1 Nc5 21. Nd2 Rae8 22. b4 Nd3 23. Re4 Rxe5 24. Rxe5 g6 25. Qh4 Nxe5 26. Bb2 Rd8 27. Qe7 Rd5 28. Ne4 Nc4 29. Nf6 Nxf6 30. Qxf6+ Kg8 31. Re1 Qd8 32. Re7 Nb6 33. Qxf7+ 1-0

[Event "Oberliga Nord O 0708"]
[Site "Germany"]
[Date "2008.04.20"]
[Round "9.8"]
[White "Godoj, Veit"]
[Black "Schmidbauer, Martin Daniel"]
[Result "0-1"]
[WhiteElo "2085"]
[BlackElo "2206"]
[PlyCount "84"]
[EventDate "2007.10.21"]
[EventType "team-tourn"]
[EventRounds "9"]
[EventCountry "GER"]
[SourceTitle "EXT 2009"]
[Source "ChessBase"]
[SourceDate "2008.11.26"]
[SourceVersion "1"]
[SourceVersionDate "2008.11.26"]
[SourceQuality "1"]
[WhiteTeam "Lasker Steglitz"]
[BlackTeam "Zehlendorf II"]
[WhiteTeamCountry "GER"]
[BlackTeamCountry "GER"]

1. d4 c5 2. c3 Nf6 3. Bf4 b6 4. e3 Bb7 5. Nd2 g6 6. h3 Bg7 7. Ngf3 0-0 8. Be2 d5 9. 0-0 Nc6 10. a4 Ne4 11. Qb3 Nxd2 12. Nxd2 c4 13. Qc2 Rc8 14. Bg5 Qd7 15. f4 e6 16. Bf3 f5 17. Be2 Na5 18. Bh4 Bc6 19. Bf2 Kh8 20. h4 Bf6 21. g4 fxg4 22. Bxg4 Qe7 23. Nf3 Nb3 24. Rae1 Bxa4 25. Qb1 Bc6 26. Ng5 Bxg5 27. hxg5 Nd2 28. Qc2 Nxf1 29. Kxf1 Bd7 30. Bf3 a5 31. Ke2 b5 32. Rh1 Kg8 33. Bg3 b4 34. Rh6 bxc3 35. bxc3 Rb8 36. f5 Qxg5 37. Bxb8 Qxh6 38. Bf4 g5 39. Be5 Rxf5 40. e4 Rxe5 41. dxe5 Qh2+ 42. Kd1 Qxc2+ 0-1

[Event "Berlin op 04"]
[Site "Berlin"]
[Date "2006.04.16"]
[Round "3"]
[White "Godoj, Veit"]
[Black "Schmidbauer, Martin Daniel"]
[Result "1-0"]
[WhiteElo "1941"]
[BlackElo "2137"]
[PlyCount "169"]
[EventDate "2006.04.14"]
[EventType "swiss"]
[EventRounds "9"]
[EventCountry "GER"]
[SourceTitle "EXT 2007"]
[Source "ChessBase"]
[SourceDate "2006.11.23"]
[SourceVersion "1"]
[SourceVersionDate "2006.11.23"]
[SourceQuality "1"]

1. d4 Nf6 2. Nf3 c5 3. d5 g6 4. Nc3 Bg7 5. e4 d6 6. Bb5+ Nfd7 7. a4 0-0 8. 0-0 Na6 9. Re1 Nb4 10. Bf4 Nf6 11. h3 Ne8 12. Qd2 Nc7 13. Bc4 f6 14. Nb5 Kh8 15. Nxc7 Qxc7 16. c3 Na6 17. Bh6 Nb8 18. a5 Nd7 19. Bf4 Ne5 20. Nxe5 fxe5 21. Bg5 Rf7 22. Bb5 a6 23. Ba4 Bd7 24. Bxd7 Qxd7 25. c4 Bf6 26. Be3 Bh4 27. b4 cxb4 28. Qxb4 Raf8 29. Re2 e6 30. Rd1 exd5 31. Rxd5 Qc6 32. f3 Rc8 33. Rc2 Be7 34. Kh2 Bf8 35. Bb6 Qe8 36. Rcd2 Qc6 37. Rc2 Qe8 38. Qb3 Qe6 39. Qd3 Qf6 40. Qe3 Qh4 41. Qd2 Kg8 42. Be3 Be7 43. Rb2 Qf6 44. Rxb7 Rxc4 45. Qd3 Rc8 46. Qxa6 Rc2 47. Rd2 Rc3 48. Qe2 Qe6 49. a6 Ra3 50. Rd5 Kg7 51. a7 Qc8 52. Rb8 Qc6 53. Qb2 Ra6 54. Qd2 h5 55. Rdb5 Bf6 56. Qd5 Qxd5 57. exd5 Rfxa7 58. Bxa7 Rxa7 59. R5b7+ Rxb7 60. Rxb7+ Kf8 61. Rd7 Be7 62. Kg1 Kf7 63. Kf1 Ke8 64. Rb7 Bf6 65. Ke2 Be7 66. Kd3 Kf7 67. Ke4 Kf6 68. g4 hxg4 69. fxg4 Bf8 70. h4 Be7 71. h5 gxh5 72. gxh5 Bf8 73. Rd7 Kg5 74. Rh7 Kf6 75. Kf3 Bg7 76. Kg4 Bf8 77. Rb7 Bh6 78. Rb1 Bf4 79. Rf1 Kg7 80. Rxf4 exf4 81. Kxf4 Kh6 82. Kf5 Kxh5 83. Ke6 Kg6 84. Kxd6 Kf7 85. Kc7 1-0

[Event "Berlin tt 0001"]
[Site "Berlin"]
[Date "2000.12.17"]
[Round "4.5"]
[White "Badestein, Hartmut"]
[Black "Schmidbauer, Martin Daniel"]
[Result "1-0"]
[WhiteElo "2130"]
[BlackElo "2152"]
[PlyCount "85"]
[EventDate "2000.10.22"]
[EventType "team-tourn"]
[EventRounds "11"]
[EventCountry "GER"]
[SourceTitle "EXT 2007"]
[Source "ChessBase"]
[SourceDate "2006.11.23"]
[SourceVersion "1"]
[SourceVersionDate "2006.11.23"]
[SourceQuality "1"]

1. e4 c5 2. Nf3 Nc6 3. Bb5 g6 4. Bxc6 dxc6 5. 0-0 Bg7 6. d3 e5 7. Nc3 Ne7 8. Be3 b6 9. a4 a5 10. Qd2 0-0 11. Bh6 f6 12. Bxg7 Kxg7 13. Ne2 Qd6 14. Qe3 Ba6 15. b3 Bc8 16. Nd2 Be6 17. f4 exf4 18. Nxf4 Bg8 19. Nc4 Qc7 20. Qg3 Qd8 21. Kh1 Kh8 22. Nd6 Nc8 23. Nc4 Ra7 24. Rf3 b5 25. Ne3 Qd4 26. Raf1 Ne7 27. Ne2 Qb2 28. Qd6 Rf7 29. Qxc5 Rb7 30. Ng4 Kg7 31. Qe3 f5 32. Nh6 Rf6 33. exf5 Bd5 34. Rg3 bxa4 35. bxa4 Qxc2 36. Qe5 Qb2 37. d4 Qd2 38. Ng4 Qg5 39. Nxf6 Qxf6 40. Qxf6+ Kxf6 41. fxg6+ Kg7 42. gxh7+ Kxh7 43. Nc3 1-0